000 00827nam a2200193 a 4500
005 20210219160120.0
008 080805s1984 mx r 000 0 spa d
035 _aUPN01000159025
049 _aUNE
080 _a37 (83) "1984" PER.
245 0 4 _aLos perfiles educativos de América Latina :
_bperfil educativo Chile 1984 /
_celaborado a través de la División de Planeamiento, Investigación y Estudios de la Educación.
260 _aWashington, D.C. :
_bOEA, Programa Regional de Desarrollo Educativo ,
_c1984.
300 _a27 p. :
_bfot.
440 0 _aPerfiles Educativos de América Latina.
_pChile
690 _aOrganización de la educación - Chile
690 _aChile - Organización de la educación
710 2 _aOEA.
_bDivisión de Planeamiento, Investigación y Estudios de la Educación.
905 _aUNESCO
999 _c131139
_d131139